Aufstörung tut not: Christen und Juden im Gespräch ; ein Ge-Denk-Buch

Saved in:  
Bibliographic Details
Contributors: Grimm, Ulrich Werner 1954- (Editor)
Format: Print Book
Language:German
Subito Delivery Service: Order now.
Check availability: HBZ Gateway
WorldCat: WorldCat
Interlibrary Loan:Interlibrary Loan for the Fachinformationsdienste (Specialized Information Services in Germany)
Published: Berlin Hentrich & Hentrich 2014
In:Year: 2014
Edition:1. Aufl.
Standardized Subjects / Keyword chains:B Deutschland (boat, 1866-1875) / Judaism / Dialogue / Christianity / History
Further subjects:B Collection of essays
Online Access: Inhaltstext (Publisher)
Table of Contents

MARC

LEADER 00000cam a2200000 c 4500
001 617966060
003 DE-627
005 20251223222616.0
007 tu
008 100206s2014 gw ||||| 00| ||ger c
015 |a 10,N04  |2 dnb 
015 |a 10,N04  |2 dnb 
016 7 |a 999295861  |2 DE-101 
020 |a 9783941450271  |c pbk. : ca. EUR 9.90, ca. EUR 10.20 (AT), ca. sfr 18.90 (freier Pr.)  |9 978-3-941450-27-1 
024 3 |a 9783941450271 
035 |a (DE-627)617966060 
035 |a (DE-576)319230082 
035 |a (DE-599)DNB999295861 
035 |a (OCoLC)907242147 
035 |a (OCoLC)699714171 
040 |a DE-627  |b ger  |c DE-627  |e rakwb 
041 |a ger 
044 |c XA-DE-BE 
082 0 |a 230  |q BSZ 
082 0 4 |a 230  |a 290  |q DNB 
082 0 4 |a 230 
084 |a 1  |2 ssgn 
084 |a 11.24  |2 bkl 
245 0 0 |a Aufstörung tut not  |b Christen und Juden im Gespräch ; ein Ge-Denk-Buch  |c Ulrich Werner Grimm (Hg.). Im Auftr. der Gesellschaft für Christlich-Jüdische Zusammenarbeit in Berlin 
246 3 0 |a Gedenkbuch 
250 |a 1. Aufl. 
264 1 |a Berlin  |b Hentrich & Hentrich  |c 2014 
300 |a 256 S.  |b Ill.  |c 23 cm 
336 |a Text  |b txt  |2 rdacontent 
337 |a ohne Hilfsmittel zu benutzen  |b n  |2 rdamedia 
338 |a Band  |b nc  |2 rdacarrier 
500 |a Literaturangaben 
583 1 |a Archivierung prüfen  |c 20251012  |f DE-4165  |z 1  |2 pdager 
601 |a Gespräch 
655 7 |a Aufsatzsammlung  |0 (DE-588)4143413-4  |0 (DE-627)105605727  |0 (DE-576)209726091  |2 gnd-content 
689 0 0 |d g  |0 (DE-588)4011882-4  |0 (DE-627)104704861  |0 (DE-576)208896155  |2 gnd  |a Deutschland 
689 0 1 |d s  |0 (DE-588)4114087-4  |0 (DE-627)104603151  |0 (DE-576)20948182X  |2 gnd  |a Judentum 
689 0 2 |d s  |0 (DE-588)4012061-2  |0 (DE-627)106350102  |0 (DE-576)208896708  |2 gnd  |a Dialog 
689 0 3 |d s  |0 (DE-588)4010074-1  |0 (DE-627)104493933  |0 (DE-576)20888579X  |2 gnd  |a Christentum 
689 0 4 |q z  |2 gnd  |a Geschichte 
689 0 |5 DE-101 
700 1 |e Hrsg.  |0 (DE-588)124570747  |0 (DE-627)521514576  |0 (DE-576)294237011  |4 edt  |a Grimm, Ulrich Werner  |d 1954- 
856 4 2 |u http://deposit.dnb.de/cgi-bin/dokserv?id=3409608&prov=M&dok_var=1&dok_ext=htm  |m X: MVB  |q text/html  |v 2015-04-08  |x Verlag  |3 Inhaltstext  |7 1 
856 4 2 |u http://d-nb.info/999295861/04  |m B:DE-101  |q application/pdf  |v 2015-04-08  |x Verlag  |3 Inhaltsverzeichnis  |7 1 
935 |a mteo 
936 b k |a 11.24  |j Jüdisch-christliche Beziehungen  |x Religionswissenschaft  |0 (DE-627)106404350 
951 |a BO 
ACO |a 1 
ELC |b 1 
LOK |0 000 xxxxxcx a22 zn 4500 
LOK |0 001 4777216667 
LOK |0 003 DE-627 
LOK |0 004 617966060 
LOK |0 005 20250929081747 
LOK |0 008 250929||||||||||||||||ger||||||| 
LOK |0 040   |a DE-Tue135  |c DE-627  |d DE-Tue135 
LOK |0 092   |o n 
LOK |0 852   |a DE-Tue135 
LOK |0 852 1  |9 00 
LOK |0 935   |a ixsb 
LOK |0 939   |a 29-09-25  |b l01 
ORI |a SA-MARC-ixtheoa001.raw 
REL |a 1 
SPR |a 1  |t IXT 
STA 0 0 |a Christianity,Christian world view,World view,Christian ideology,Deutschland (boat, 1866-1875),Germany,Germany,Germany,Germany,German Federal Republic (motif),Germany,Germany,Germany,Germany,Germany,Germany,Germany,German Democratic Republic,Germany,Federal Republic of Germany,Germany,Germany,Soviet Occupation Zone,French Occupation Zone,Dialogue,Dialogue,Dialogue,Dialog,Dialogue,History,History,History in art,Judaism,Judaism,Judaism in literature 
STB 0 0 |a Christianisme,Christianisme,Deutschland (bateau, 1866-1875),Allemagne,Allemagne,République fédérale d'Allemagne (motif),Dialogue,Dialogue,Dialogue,Dialogue,Histoire,Histoire,Histoire,Judaïsme,Judaïsme 
STC 0 0 |a Alemania,Alemania,Cristianismo,Cristianismo,Cristiandad,Cristiandad,Cristiandad (Motivo),Cristiandad,Diálogo,Diálogo,Diálogo,Diálogo,Historia,Historia,Historia,Judaísmo,Judaísmo 
STD 0 0 |a Cristianesimo,Cristianesimo,Dialogo,Dialogo,Dialogo,Dialogo,Ebraismo,Ebraismo,Germania,Germania,Storia,Storia 
STE 0 0 |a 历史,史,基督教,基督教,基督教世界观,对话,对话,德国,德国,犹太教,犹太教 
STF 0 0 |a 基督教,基督教,基督教世界觀,對話,對話,德國,德國,歷史,史,猶太教,猶太教 
STG 0 0 |a Alemanha,Alemanha,Cristianismo,Cristianismo,Cristandade,Cristandade,Cristandade (Motivo),Cristandade,Diálogo,Diálogo,Diálogo,Diálogo,História,História,Judaísmo,Judaísmo 
STH 0 0 |a Германия (ГДР, мотив),Германия (мотив),Диалог (мотив),Диалог (музыка),Диалог (литературный жанр),Диалог,История (мотив),История,Иудаизм (мотив),Иудаизм,Христианство (мотив),Христианство 
STI 0 0 |a Γερμανία (ΛΔΓ, μοτίβο),Γερμανία (μοτίβο),Διάλογος (μοτίβο),Διάλογος (μουσική),Διάλογος (λογοτεχνικό είδος),Διάλογος,Ιουδαϊσμός (μοτίβο),Ιουδαϊσμός,Ιστορία (μοτίβο),Ιστορία,Χριστιανισμός (μοτίβο),Χριστιανισμός 
SUB |a REL 
SYG 0 0 |a DDR,Deutsche Demokratische Republik,Germany,Amerikanische Zone Deutschlands,BRD,Britische Zone Deutschlands,Bundesrepublik Deutschland,Französische Zone Deutschlands,Vereinigtes Wirtschaftsgebiet Deutschlands,BRD,Bundesrepublik Deutschland , Vereinigtes Wirtschaftsgebiet,Bizone,Verwaltung des Vereinigten Wirtschaftsgebietes,Französische Zone,Zone Française d'Occupation,Französische Besatzungszone,ZFO,Britische Zone,British occupation zone,Britische Besatzungszone,British Zone of Control,Britisches Kontrollgebiet,British Element,Britisches Element,Sowjetische Zone,Russische Zone,Sowjetische Besatzungszone,Russische Besatzungszone,Sowjetische Besatzungszone Deutschlands,Sowjetische Besatzungszone in Deutschland,Sowjetisch Besetzte Zone,Sowjetzone,Ostzone,SBZ,Länder,Westliche Bundesländer,Alte Bundesländer,Deutschland,Westdeutschland,Deutschland,Westzonen,Westliche Besatzungszonen,Trizone,Amerikanische Zone,American occupation zone,Amerikanische Besatzungszone,ABZ,United States Area of Control,Amerikanisches Kontrollgebiet,U.S. zone of occupation,United States Zone,U.S. Zone,US-Zone,Alemanha,Alemania,Allemagne,Almanija,Almāniyā,Bondsrepubliek Duitsland,BRD,BRD,Bundesrepublik Deutschland,Deutschland,Deutschland,Federal Republic of Germany,Förbundsrepubliken Tyskland,Förbundsrepublikken Tyskland,FRG,Germany,Németországi Szövetségi Kőztársaság,Niemiecka Republika Federalna Niemiecka Republika Federalna,NRF,Repubblica Federale di Germania,Republic of Germany,República Federal da Alemanha,República Federal de Alemania,Republik Federasi Djerman,Republika Federalna Niemiec,République Fédérale d'Allemagne,RFN,Saksan Liittotasavalta,Westdeutschland,Deutsche Demokratische Republik,DDR,Deutschland,German Democratic Republic,GDR,République Démocratique Allemande,RDA,Germanskaja Demokratičeskaja Respublika,Demokratičeskaja Respublika,Democratic Republic,Demokratische Republik,Niemiecka Republika Demokratyczna,NRD,Ǧumhūrīyat Almāniyā ad-Dīmuqrāṭīya,República Democrática Alemana,Saksan Demokraattisen Tasavallan,Repubblica Democratica Tedesca,Mitteldeutschland,Ostdeutschland,East Germany,Ostzone,Deutsche Länder,Germany,Heiliges Römisches Reich,Rheinbund,Deutscher Bund,Norddeutscher Bund,Deutsches Reich,Deutschland,Deutschland,BRD,Federal Republic of Germany,Republic of Germany,Allemagne,Ǧumhūrīyat Almāniyā al-Ittiḥādīya,Bundesrepublik Deutschland,BRD,Niemcy,République Fédérale d'Allemagne,Repubblica Federale di Germania,Germanija,Federativnaja Respublika Germanija,FRG,Deyizhi-Lianbang-Gongheguo,Östliche Bundesländer,Neue Bundesländer,Länder,Deutschland,Ostdeutschland,Deutschland,Deutschland , Judaism,Judaismus,Jüdische Religion,Zionism,Zionismus,Jüdische Religion,Judaismus,Jüdische Religion,Judaismus , Mittelstandskongress,Kongress für den Mittelstand,Dialogue , Dialogliteratur,Zwiegespräch,Dialoge,Dialogue,Wechselrede , Christianity,Christliche Mission,Missionierung,Christenheit,Christianitas,Christliche Religion,Christliche Weltanschauung , History,Geschichtliche Epoche,Historical development,Historische Entwicklung,Landesgeschichte,Regionalgeschichte,Ortsgeschichte,Zeitgeschichte 
TIM |a 100019901003_100020261231  |b 1990-10-03 - 2026